| 000 | 01105cam a2200325 i 4500 | ||
|---|---|---|---|
| 001 | 15012474 | ||
| 003 | EG-ScBUE | ||
| 005 | 20241217101539.0 | ||
| 008 | 070919t2008 njua f b 001 0 eng d | ||
| 020 | _a9780691130279 (paper : acidfree paper) | ||
| 040 |
_aDLC _beng _erda _cDLC _dDLC _dEG-ScBUE |
||
| 082 | 0 | 4 |
_a523.112 _222 _bBIN |
| 100 | 1 |
_aBinney, James, _d1950- _eauthor. _939017 |
|
| 245 | 1 | 0 |
_aGalactic dynamics / _cJames Binney and Scott Tremaine. |
| 250 | _aSecond edition. | ||
| 264 | 1 |
_aPrinceton ; _aOxford : _bPrinceton University Press, _c[2008] |
|
| 264 | 4 | _cc2008 | |
| 300 |
_axvi, 885 pages : _billustrations ; _c24 cm. |
||
| 336 |
_2rdacontent _atext _btxt |
||
| 337 |
_2rdamedia _aunmediated _bn |
||
| 338 |
_2rdacarrier _avolume _bnc |
||
| 490 | 0 | _aPrinceton series in astrophysics | |
| 504 | _aIncludes bibliographical references and index. | ||
| 650 | 7 |
_aGalactic dynamics. _2BUEsh _939018 |
|
| 650 | 7 |
_aStars _xClusters. _2BUEsh _939019 |
|
| 653 |
_bENGGEN _cAugust2015 _cJanuary2016 |
||
| 655 | _vReading book | ||
| 700 | 1 |
_aTremaine, Scott, _d1950- _eauthor. |
|
| 942 |
_2ddc _cBB |
||
| 999 |
_c20469 _d20441 |
||